[Event "Wch U08"]
[Site "Montesilvano"]
[Date "2024.11.23"]
[Round "8"]
[White "Demchenko, Timofey"]
[Black "Guo, Ziming"]
[Result "0-1"]
[WhiteElo "1969"]
[BlackElo "1701"]
[PlyCount "132"]
[EventDate "2024.11.15"]
[EventType "swiss"]
[EventRounds "11"]
[EventCountry "ITA"]
[SourceTitle "CB48_2024"]
[SourceDate "2024.11.28"]
[SourceVersion "1"]
[SourceVersionDate "2024.11.28"]
[SourceQuality "1"]

1. e4 c5 2. Nf3 Nc6 3. Bb5 g6 4. 0-0 Bg7 5. Re1 Nf6 6. e5 Nd5 7. Nc3 Nc7 8. Bxc6 dxc6 9. Ne4 Ne6 10. b3 0-0 11. Bb2 b6 12. h4 Nd4 13. Nxd4 cxd4 14. Ng3 c5 15. h5 Bb7 16. f4 Qd5 17. Ne4 f5 18. exf6 exf6 19. c4 Qc6 20. Qf3 Rae8 21. d3 f5 22. Ng5 Qxf3 23. gxf3 Bf6 24. hxg6 hxg6 25. Kf2 Re3 26. Kg3 Rxd3 27. Rad1 Rxd1 28. Rxd1 Re8 29. Rd2 Re3 30. Rf2 Kg7 31. Ba1 a6 32. Bb2 b5 33. Bc1 Re1 34. Bd2 Re8 35. a4 bxc4 36. bxc4 Bc6 37. a5 Ba4 38. Rh2 d3 39. Rh7+ Kg8 40. Rh6 Bxg5 41. Rxg6+ Kf7 42. Rxg5 Bd7 43. Bc3 Re2 44. Kh3 Rc2 45. Rg7+ Ke6 46. Rg6+ Ke7 47. Rg7+ Kd8 48. Rg8+ Be8 49. Bf6+ Kd7 50. Rg7+ Ke6 51. Re7+ Kxf6 52. Rxe8 Rxc4 53. Rf8+ Ke7 54. Rb8 d2 55. Rb7+ Kd6 56. Rb6+ Kc7 57. Rb1 Rd4 58. Rd1 c4 59. Kh4 c3 60. Kg5 c2 61. Rxd2 Rxd2 62. Kf6 c1Q 63. Kf7 Qc6 64. Ke7 Rd7+ 65. Ke8 Qe6+ 66. Kf8 Qf7# 0-1

[Event "EU-ch U08"]
[Site "Prague"]
[Date "2024.08.28"]
[Round "6"]
[White "Demchenko, Timofey"]
[Black "Arsenijevic, Matija"]
[Result "1-0"]
[WhiteElo "1769"]
[BlackElo "1760"]
[PlyCount "87"]
[EventDate "2024.08.22"]
[EventType "swiss"]
[EventRounds "9"]
[EventCountry "CZE"]
[SourceTitle "CBM 221 Extra"]
[Source "ChessBase"]
[SourceDate "2024.09.30"]
[SourceVersion "1"]
[SourceVersionDate "2024.09.30"]
[SourceQuality "1"]

1. e4 c6 2. Nf3 d5 3. Nc3 dxe4 4. Nxe4 Nf6 5. Qe2 Nxe4 6. Qxe4 Qd5 7. Qe3 Bf5 8. c4 Qe4 9. Be2 Qxe3 10. fxe3 Nd7 11. d4 e6 12. Bd2 Be7 13. b4 0-0 14. 0-0 Rfd8 15. a4 b6 16. Ne1 Nf6 17. Nd3 Bxd3 18. Bxd3 c5 19. bxc5 bxc5 20. Bc3 cxd4 21. exd4 Bc5 22. Rad1 Bxd4+ 23. Bxd4 Rxd4 24. Bxh7+ Kxh7 25. Rxd4 e5 26. Rh4+ Kg6 27. c5 Rc8 28. Rc1 Rc6 29. Rb4 Nd5 30. Rb7 a6 31. a5 Kf6 32. Rb6 Ne7 33. Rd1 Kf5 34. Rxc6 Nxc6 35. Rd6 Nd4 36. Rxa6 Ke4 37. Rd6 Nb5 38. a6 Ke3 39. Rb6 Nc7 40. a7 Ke2 41. Rb7 Na8 42. c6 e4 43. c7 e3 44. c8Q 1-0

[Event "EU-ch U08"]
[Site "Prague"]
[Date "2024.08.24"]
[Round "3"]
[White "Ok, Miro"]
[Black "Demchenko, Timofey"]
[Result "0-1"]
[WhiteElo "1609"]
[BlackElo "1769"]
[PlyCount "52"]
[EventDate "2024.08.22"]
[EventType "swiss"]
[EventRounds "9"]
[EventCountry "CZE"]
[SourceTitle "CBM 221 Extra"]
[Source "ChessBase"]
[SourceDate "2024.09.30"]
[SourceVersion "1"]
[SourceVersionDate "2024.09.30"]
[SourceQuality "1"]

1. e4 e6 2. d4 d5 3. Bd3 c5 4. exd5 exd5 5. dxc5 Bxc5 6. Nf3 h6 7. 0-0 Nf6 8. Re1+ Be6 9. h3 0-0 10. c3 Nc6 11. b4 Bb6 12. a4 a6 13. Be3 Re8 14. a5 Bxe3 15. Rxe3 Qd6 16. Bc2 Rad8 17. Nd4 Bd7 18. Nxc6 Bxc6 19. Rxe8+ Rxe8 20. Na3 Qe5 21. Rc1 Qg5 22. Bd3 d4 23. Bf1 d3 24. Rb1 d2 25. Rb2 Re1 26. Qxd2 Qxg2# 0-1

[Event "ESP-ch U10 rapid"]
[Site "Salobrena"]
[Date "2024.07.07"]
[Round "8"]
[White "Demchenko, Timofey"]
[Black "Gevorgyan, Saten"]
[Result "1-0"]
[WhiteElo "1576"]
[BlackElo "1437"]
[PlyCount "77"]
[EventDate "2024.07.06"]
[EventType "swiss (rapid)"]
[EventRounds "9"]
[EventCountry "ESP"]
[SourceTitle "EXT 2025"]
[Source "ChessBase"]
[SourceDate "2024.10.14"]
[SourceVersion "1"]
[SourceVersionDate "2024.10.14"]
[SourceQuality "1"]

1. e4 e5 2. Nf3 Nc6 3. d4 exd4 4. Nxd4 Nxd4 5. Qxd4 d6 6. Bc4 Nf6 7. Nc3 Be7 8. Bf4 0-0 9. 0-0-0 c5 10. Qd3 Bd7 11. Bxd6 Bxd6 12. Qxd6 Bc6 13. Qxc5 Qb6 14. Qxb6 axb6 15. e5 Nd7 16. Rhe1 Kh8 17. Nd5 Rad8 18. f4 Rfe8 19. Nc7 Re7 20. Rd6 h6 21. Red1 Rc8 22. Nd5 Re6 23. Rxe6 fxe6 24. Ne7 Rc7 25. Nxc6 bxc6 26. Bxe6 Nc5 27. Bf5 Nb7 28. e6 Re7 29. g4 c5 30. Be4 b5 31. Bxb7 Rxb7 32. Rd7 Rb8 33. e7 Re8 34. Rd8 Rxd8 35. exd8Q+ Kh7 36. f5 b4 37. Qe7 c4 38. f6 Kg6 39. Qxg7# 1-0

[Event "ESP-ch U10 rapid"]
[Site "Salobrena"]
[Date "2024.07.06"]
[Round "2"]
[White "Demchenko, Timofey"]
[Black "Melero Martinez, Celia"]
[Result "1-0"]
[WhiteElo "1576"]
[BlackElo "1414"]
[PlyCount "33"]
[EventDate "2024.07.06"]
[EventType "swiss (rapid)"]
[EventRounds "9"]
[EventCountry "ESP"]
[SourceTitle "EXT 2025"]
[Source "ChessBase"]
[SourceDate "2024.10.14"]
[SourceVersion "1"]
[SourceVersionDate "2024.10.14"]
[SourceQuality "1"]

1. e4 e5 2. Nf3 Nc6 3. d4 exd4 4. Nxd4 d6 5. Nc3 Nf6 6. Bc4 Nxd4 7. Qxd4 Be7 8. Bf4 Bg4 9. f3 Bh5 10. 0-0-0 Qd7 11. e5 c5 12. Qe3 Ng8 13. Bb5 0-0-0 14. Bxd7+ Rxd7 15. exd6 Bf6 16. Qe8+ Rd8 17. d7# 1-0

[Event "ESP-ch U10"]
[Site "Salobrena"]
[Date "2024.07.03"]
[Round "5"]
[White "Sisas Mainar, Izan"]
[Black "Demchenko, Timofey"]
[Result "1-0"]
[WhiteElo "1590"]
[BlackElo "1703"]
[PlyCount "69"]
[EventDate "2024.07.01"]
[EventType "swiss"]
[EventRounds "9"]
[EventCountry "ESP"]
[SourceTitle "EXT 2025"]
[Source "ChessBase"]
[SourceDate "2024.10.14"]
[SourceVersion "1"]
[SourceVersionDate "2024.10.14"]
[SourceQuality "1"]

1. d4 Nf6 2. c4 g6 3. Nc3 d5 4. cxd5 Nxd5 5. e4 Nxc3 6. bxc3 Bg7 7. Nf3 c5 8. Be3 Qa5 9. Qd2 0-0 10. Rc1 Rd8 11. d5 Nd7 12. c4 Qa3 13. Be2 a6 14. 0-0 Qb2 15. Rb1 Qf6 16. Bd3 b6 17. Rb3 Bb7 18. Bf4 Bf8 19. Rfb1 Rac8 20. Rxb6 Nxb6 21. Be5 Qe6 22. dxe6 Bxe4 23. exf7+ Kxf7 24. Qf4+ Bf5 25. Bxf5 gxf5 26. Qxf5+ Ke8 27. h4 Nxc4 28. Qh5+ Kd7 29. Qg4+ Ke8 30. Qxc4 Rd7 31. Ng5 e6 32. Qxe6+ Be7 33. Qf7+ Kd8 34. Qg8+ Bf8 35. Qxf8# 1-0

[Event "ESP-ch U10"]
[Site "Salobrena"]
[Date "2024.07.01"]
[Round "2"]
[White "Demchenko, Timofey"]
[Black "Angola Barrios, Yoel"]
[Result "1-0"]
[WhiteElo "1703"]
[BlackElo "1507"]
[PlyCount "52"]
[EventDate "2024.07.01"]
[EventType "swiss"]
[EventRounds "9"]
[EventCountry "ESP"]
[SourceTitle "EXT 2025"]
[Source "ChessBase"]
[SourceDate "2024.10.14"]
[SourceVersion "1"]
[SourceVersionDate "2024.10.14"]
[SourceQuality "1"]

1. e4 e5 2. Nf3 Nc6 3. d4 exd4 4. Nxd4 d6 5. Nc3 Nf6 6. Nxc6 bxc6 7. Bc4 Be6 8. Bxe6 fxe6 9. 0-0 d5 10. exd5 cxd5 11. Re1 Qd6 12. Nb5 Qb6 13. Rxe6+ Qxe6 14. Nxc7+ Kd7 15. Nxe6 Kxe6 16. Qe2+ Kf7 17. Bg5 Re8 18. Qf3 Be7 19. Bxf6 Bxf6 20. Qxd5+ Re6 21. Re1 Rhe8 22. f4 Bd4+ 23. Kf1 Bxb2 24. f5 Bc3 25. Rxe6 Rxe6 26. Qxe6+ Kf8 1-0